| 000 | 01282nam2a22003011 4500 | ||
|---|---|---|---|
| 001 | RU\NLR\Per\921277 | ||
| 005 | 20250617201950.0 | ||
| 035 | _a(NLR Aleph) 003185401 | ||
| 090 |
_a3314661 _c3314661 |
||
| 100 | _a20130213d2012 |||y0rusy50 ca | ||
| 101 | 0 | _arus | |
| 102 | _aRU | ||
| 105 | _ay ||||000|y | ||
| 200 | 1 | _aОсобенности регулирования труда женщин и лиц в возрасте до 18 лет | |
| 210 |
_d2012 _aБ. м. |
||
| 461 | 0 |
_1001RU\NLR\INFOCOMM20\5000110779 _12001#$aСадовод и огородник$v2012, № 12 _94130618 _cМ. _d2003- _nБ. и. _tСадовод и огородник _v2012, № 12 |
|
| 606 | 1 |
_aЖенский труд _jЗаконодательные материалы _yРоссийская Федерация _92117593 _3RU\NLR\AUTH\661279090 |
|
| 606 | 1 |
_aНесовершеннолетние _jЗаконодательные материалы _xТруд _yРоссийская Федерация _92246677 _3RU\NLR\AUTH\661347812 |
|
| 686 | 1 | _aХ627.41-39(2Р) | |
| 686 | 1 | _aХ629.42-39(2Р) | |
| 801 | 1 |
_aRU _bInfoComm _c20050823 |
|
| 801 | 0 |
_aRU _bNLR _gPSBO |
|
| 801 | 2 |
_aRU _bNLR _c20080122 _2rusmarc |
|
| 852 |
_aNLR _jП13/1936 |
||
| 942 | _cISSUE | ||
| 980 | _aNB | ||
| 980 | _aRUSPER | ||